Biểu tượng Lanh trong dân ca dân tộc HMông

Sách giới thiệu vai trò của cây lanh trong đời sống con người, giải mã biểu tượng lanh trong dân ca dân tộc HMông.

محفوظ في:
التفاصيل البيبلوغرافية
المؤلف الرئيسي: Đặng, Thị Oanh
التنسيق: كتاب
اللغة:Undetermined
منشور في: Hà Nội Nxb. Đại học Quốc gia Hà Nội 2011
الموضوعات:
الوسوم: إضافة وسم
لا توجد وسوم, كن أول من يضع وسما على هذه التسجيلة!
Thư viện lưu trữ: Trung tâm Học liệu Trường Đại học Cần Thơ
LEADER 00798nam a2200205Ia 4500
001 CTU_167702
008 210402s9999 xx 000 0 und d
082 |a 390.09597 
082 |b O.408 
100 |a Đặng, Thị Oanh 
245 0 |a Biểu tượng Lanh trong dân ca dân tộc HMông 
245 0 |c Đặng Thị Oanh 
260 |a Hà Nội 
260 |b Nxb. Đại học Quốc gia Hà Nội 
260 |c 2011 
520 |a Sách giới thiệu vai trò của cây lanh trong đời sống con người, giải mã biểu tượng lanh trong dân ca dân tộc HMông. 
650 |a Folklore,Văn hóa dân gian 
650 |z Vietnam,Việt Nam 
904 |i Trọng Hải 
980 |a Trung tâm Học liệu Trường Đại học Cần Thơ